Statystyki dla Nazwy państw po ich języku

Kliknij tutaj aby rozwiązać quiz!

Ogólne statystyki

  • Ten quiz został rozwiązany 839 razy
  • Średni wynik to 13 z 15

Statystyki odpowiedzi

Po ich językuPo polsku% Poprawnych
United KingdomWielka Brytania
100%
česká republikaCzechy
99%
DeutschlandNiemcy
98%
TürkiyeTurcja
98%
LatvijaŁotwa
97%
LietuvaLitwa
97%
Venezuela (Hiszpański)Wenezuela
96%
РоссияRosja
96%
中國Chiny
94%
日本Japonia
93%
ÖsterreichAustria
92%
SverigeSzwecja
81%
EestiEstonia
80%
MagyarországWęgry
74%
ÉireIrlandia
32%

Rozkład punktacji

Percentyl według liczby udzielonych odpowiedzi

Procent ludzi z każdym wynikiem

Twoja historia wyników

Nie rozwiązałeś tego quizu